00555nam a2200181Ia 4500003000900000008004100009020002200050040001600072080001500088100001900103245013400122260003700256300001000293650001100303650002000314650002600334650001300360IN-BaIIA211028s9999 xx 000 0 eng d a978-1-56414-919-0 cIIA Library a524.8bGAR aGardner, James 4aThe intelligent universebAI, ET and the emerging mind of the cosmoscJames Gardner  aNew JerseybNew Page Booksc2007 a271p. aCosmos aFermi's paradox aLife on other planets aUniverse